000 00553nam a22001457a 4500
082 _a621
100 _aBilal, Muhammad
_918167
245 _aAnalytical and Numerical Solution for Flow and Heat Transfer Over Unsteady Stretching Sheet with Internal Heating /
_cM Bilal
264 _aIslamabad :
_bSMME- NUST;
_c2022.
300 _a50p.
_bSoft Copy
_c30cm
650 _aMS Mechanical Engineering
_9119495
700 _aSupervisor : Dr Muhammad Safdar
_9119644
856 _uhttp://10.250.8.41:8080/xmlui/handle/123456789/30724
942 _2ddc
_cTHE
999 _c609116
_d609116